01338nam a2200337Ia 450000500170000000800280001702000180004524502020006325000180026530000650028365000500034865000380039865000360043665000360047270000270050870000250053570000380056070000280059870000300062670000420065670000310069870000420072970000280077170000280079926400380082733600270086533700330089233800280092504000350095308400120098820220317000412.0141031s9999 c k 000 0 spa d a978987180163300a¿Quién soy?brelatos sobre identidad, nietos y reencuentros cBombara, Rivera, Andruetto [y otro] ; ilustraciones Singer, Wernicke, Istvansch [y otro] ; edición Laura Giussani y Judith Wilhelm a1a. edición a102 páginasbilustraciones y fotografías en colorc26 cm142LEMBaCuentos infantiles argentinosySiglo XX142LEMBaHermanosvCuentos juveniles142LEMBaCartasvCuentos juveniles142LEMBaPerrosvCuentos juveniles10aBombara, Paula,d1972-10aRivera, Iris,d1950-10aAndruetto, María Teresa,d1954-10aMéndez, Mario,d1965-10aSinger, Ireneeilustrador10aWernicke, María,d1958-eilustrador10aIstvan,d1968-eilustrador10aBernasconi, Pablo,d1973-eilustrador10aGiussani, Lauraeeditor10aWilhelm, Juditheeditor aBuenos AiresbCalibroscopioc2013 atextobtxt2rdacontent asin mediaciónbn2rdamedia avolumenbnc2rdacarrier aCO-BoRNBPbspaerdacCO-BoRNBP aC QUI13